Los 10 clubes de fútbol más caros - Statistics

General Stats
  • This quiz has been taken 1,166 times
  • The average score is 5 of 10
Answer Stats
Hint Answer % Correct
1st Real Madrid
100%
3rd Barcelona
96%
7th PSG
79%
4th Liverpool
72%
9th Chelsea
61%
10th Arsenal
59%
8th Tottenham Hotspur
27%
6th Bayern de Múnich
7%
2nd Hombre Unido
1%
5th Hombre De La Ciudad
0%
No matching quizzes found
Score Distribution
Percent of People with Each Score
Percentile by Number Answered
Your Score History
You have not taken this quiz